Sintaxis de un signo /

Gespeichert in:
Bibliographische Detailangaben
1. Verfasser: Urbina, Nicasio
Format: Unbekannt
Sprache:Spanish
Veröffentlicht: Managua, Nicaragua: Decenio, 1995
Ausgabe:1. edición
Schriftenreihe:Colección los motivos de lobo
Schlagworte:
Tags: Tag hinzufügen
Keine Tags, Fügen Sie den ersten Tag hinzu!

MARC

LEADER 000000000a22000000004500
001 000977
008 170621s1995 ni ||||| |||| 00| p spa d
020 |a 958601187X 
041 0 |a español 
082 |a N861.44  |b U73s 
100 1 |a Urbina, Nicasio 
245 1 0 |a Sintaxis de un signo /  |c Nicasio Urbina 
250 |a 1. edición 
260 |a Managua, Nicaragua:   |b Decenio,   |c 1995 
300 |a 87 páginas 
490 1 |a Colección los motivos de lobo 
500 |a Número de inscripción 12978 
650 1 4 |a LITERATURA NICARAGUENSE  |v POESIA 
942 |2 ddc  |c BK 
999 |c 2104  |d 2104